Responses for Show #3444 - Thursday, July 22, 1999

Contestants

[<< previous game]

Jason Scupine, an attorney from Woodland Hills, California

Jackie Wollner, an actress and comedienne from Van Nuys, California

Martha Raphelson, a homemaker from Bloomfield Hills, Michigan (whose 2-day cash winnings total $22,000)

[next game >>]

Jeopardy! Round responses

AROUND THE USA
CELEBRITY HODGEPODGE
I DON'T KNOW
COLLEGIATE SPORTS NICKNAMES
LAUNDRY DAY
IN THE DICTIONARY
    $100 10
"Wyoming"

Triple Stumper
    $100 1
Alice in Wonderland

Martha
    $100 26
Clueless

Martha
    $100 6
Sooners

Jason
    $100 8
Socks

Martha
    $100 18
Scrooge

Jackie
    $200 11
San Francisco

Jackie
    $200 2
Rosemary Clooney

Martha
    $200 27
"It's Greek to me"

Triple Stumper
    $200 7
Aggies

Martha
    $200 9
[The symbol Cl was shown.]

bleach (or chlorine)

Jackie
    $200 19
Skin

Jackie
    $300 12
Madison, Wisconsin

Jason
    $300 3
Belfast

Martha
    $300 28
Magic 8-Ball

Jason
    $300 14
Yellow Jackets/Ramblin' Wreck/Engineers

Jason
    $300 23
Press

Martha
    $1,100 20
Red (ruby)

Jackie
    $400 16
West Virginia

Jackie
    $400 4
Trigger

Martha
    $400 29
Heads or tails

Martha
    $400 13
Seminoles

Jason
    $400 24
(Alex: I hope not at the same time!)

Hamper

Martha
    $400 21
Orb

Jackie
    $500 17
(Jason: What is Tuscaloosa?)

Birmingham

Jason
Triple Stumper
    $500 5
Arthur Sullivan

Jason
    $500 30
Je ne sais quoi

Jackie
    $500 15
Spartans

Jason
    $500 25
Tide

Jackie
    $500 22
Bias

Jackie

Scores at the first commercial break (after clue 15):

Martha Jackie Jason
$1,300 $400 $2,100

Scores at the end of the Jeopardy! Round:

Martha Jackie Jason
$2,500 $4,100 $1,900

Double Jeopardy! Round responses

SCIENCE
WILLIE NELSON, THESPIAN
ARTISTIC MASTERS
CITY SOBRIQUETS
DRAMA
ALLITERATION ALL AROUND
    $200 2
Sound barrier

Jason
    $200 25
Dr. Quinn, Medicine Woman

Martha
    $200 1
Rembrandt

Jackie
    $200 12
New Orleans

Jackie
    $200 9
Hamlet

Martha
    $200 19
Minute Maid

Jackie
    $400 5
Ice Age

Martha
    $400 27
Nash Bridges

Martha
    $400 3
El Greco

Martha
    $400 13
Las Vegas

Martha
    $400 10
"Peter Pan"

Jackie
    $400 20
"Constant Craving"

Martha
    $600 7
Sir Isaac Newton

Jackie
    $600 28
King of the Hill

Jason
    $600 4
Michelangelo

Jackie
    $1,300 14
Augusta

Martha
    $500 23
Eliza Doolittle

Martha
    $600 18
Double dribbling

Martha
    $800 8
Hand

Martha
    $800 29
Honeysuckle Rose

Jason
    $800 6
Leonardo da Vinci

Jackie
    $800 15
(Jason: What is Virginia Beach?)

Norfolk

Jason
Triple Stumper
    $800 24
Arthur Miller

Jackie
    $800 21
(Jackie: What is Pride and Prejudice?)

Sense and Sensibility

MarthaJackie
    $1000 11
Antimatter

Triple Stumper
    $1000 30
(Martha: What is Rhinestone Cowboy?)

The Electric Horseman

MarthaJason
    $1000 17
John Constable

Triple Stumper
    $1000 16
(Martha: What is Jackson?)

Oxford

MarthaJason
    $1000 26
Waiting for Godot

Jason
    $1000 22
Walt Whitman

Triple Stumper

Scores at the end of the Double Jeopardy! Round:

Martha Jackie Jason
$6,900 $7,100 $5,700

[wagering suggestions for these scores]

Final Jeopardy! Round responses

WORLD LEADERS
JasonWhat is Hong Kong
$3,300
MarthaWhat is Pakistan
$6,900
JackieWhat Taiwan, ROC
$300
Singapore

Final scores:

Martha Jackie Jason
$0 $6,800 $2,400
3rd place: a DirecTV satellite system New champion: $6,800 2nd place: a trip to International House, New Orleans

Game dynamics:

Coryat scores:

Martha Jackie Jason
$6,300 $6,300 $5,700
22 R
(including 2 DDs),
2 W
18 R
(including 1 DD),
1 W
13 R,
2 W

Combined Coryat: $18,300

[game clues] [game scores] [suggest correction]

Game tape date: Unknown
The J! Archive is created by fans, for fans. Scraping, republication, monetization, and malicious use prohibited; this site may use cookies and collect identifying information. See terms. The Jeopardy! game show and all elements thereof, including but not limited to copyright and trademark thereto, are the property of Jeopardy Productions, Inc. and are protected under law. This website is not affiliated with, sponsored by, or operated by Jeopardy Productions, Inc. Join the discussion at JBoard.tv.